N'oubliez pas les paroles ! #5 - Statistiques

Statistiques générales
  • Ce quiz a été pris 144 fois
    134 depuis la dernière actualisation
  • Le résultat moyen est 5 sur 10
Statistiques - réponses
Chansons Chanteurs Paroles précédentes Paroles à trouver % Correct
On s'attache Christophe Maé J'aurais toujours l'impression qu'on m'espionne Pourtant pas contre l'amour
Je s'rais même plutôt pour
Mais c'est pas pour autant qu'il faut Qu'on s'attache et qu'... (6 mots)
On s'empoisonne
Avec une flèche
82%
En Apesanteur Calogero Les chiffres dansent
Tout se mélange
Je suis en tête-à -tête avec un ange
En apesanteur
Pourvu que les secondes soient... (4 mots)
Des heures, en apesanteur
76%
Ma philosophie Amel Bent Je suis métisse mais pas martyre
J'avance le cœur léger
Mais toujours le poing levé Lever la tête, bomber le... (6 mots)
Torse Sans cesse redoubler d'efforts
69%
La Lettre Renan Luce Quelques fautes d'orthographe
Une légère dyslexie
Et en guise de paraphe
« Ta petite blonde sexy » Et moi je suis un homme, qui... (6 mots)
Aime bien ce genre de jeu.
67%
Moi...Lolita Alizée
Aussi fou qu'un phénomène
Je m'appelle Lolita
Lo de vie, lo aux amours diluviennes C'est pas ma faute Et quand je donne ma langue au chat... (4 mots)
Je vois les autres
65%
Parce qu'on vient de loin Corneille On perd trop de temps à suer et s'écorcher les mains
A quoi ça sert si on n'est pas sure de voir demain
A rien Alors on vit chaque jour comme le dernier, et vous feriez... (5 mots)
Pareil si seulement vous saviez
55%
Comme des enfants Coeur de Pirate Déjà que tu me traites comme un grand enfant.
Et nous n'avons plus rien à risquer.
A part nos vies qu'on laisse, de côté. Et il m'aime encore, et moi je t'... (5 mots)
Aime un peu plus fort
44%
Femme like U K-Maro Ton rock baby, ta soul baby hey
Chante avec moi, je veux un homme like you
Bad boy tu sais que tu me plais,
Un homme like you, hey hey Quand tu chantes, j'oublie, j'ai plus le moindre soucis. J'... (5 mots)
Ai le mal qui fuit.
38%
Donne moi le temps Jenifer Tellement d'erreurs qu'on
Pourrait s'éviter,
Si l'on savait juste un peu patienter. Donne-moi le temps, d'... (6 mots)
Apprendre ce qu'il faut apprendre,
32%
Caravane Raphaël Est-ce que j'en ai les larmes aux yeux Que nos mains ne tiennent plus ensemble
Moi aussi je tremble un peu
Puisque... (5 mots)
Je ne vais plus attendre
10%
Aucun quiz correspondant
Distribution des résultats
% des personnes avec chaque résultat
Percentile par nombre de réponses
Votre historique - résultats
Vous n’avez pas pris ce quiz depuis la dernière actualisation